|
|
|
|
| LEADER |
00974nab a2200241 i 4500 |
| 001 |
misc65697 |
| 005 |
20230703081031.0 |
| 008 |
230602s1932 hu o 0|| ger d |
| 040 |
|
|
|a SZTE Miscellanea Repozitórium
|b hun
|
| 041 |
|
|
|a ger
|
| 100 |
1 |
|
|a Rypka Jan
|
| 245 |
1 |
0 |
|a Über die ma'rúf- und mağhúl-Vokale im Reime von Nizámís Haft Pajkar
|h [elektronikus dokumentum] /
|c Rypka Jan
|
| 260 |
|
|
|a Pražský linguistický kroužek
|b Praha
|c 1932
|
| 300 |
|
|
|a 48-53
|c 24 cm
|
| 300 |
|
|
|a [6] p.
|c 24 cm
|
| 490 |
0 |
|
|a Charisteria Guilelmo Mathesio quinquagenario: a discipulis et Circuli linguistici Pragensis sodalibus oblata
|
| 561 |
|
|
|a Németh Gyula hagyaték
|
| 591 |
|
|
|a NOP 4955
|
| 650 |
|
4 |
|a Bölcsészettudományok
|
| 650 |
|
4 |
|a Nyelvek és irodalom
|
| 695 |
|
|
|a Perzsa irodalom - költészet - 12. sz., Verselemzés, Perzsa nyelv - hangtan
|
| 700 |
0 |
3 |
|a Nizámi Gandzsavi
|
| 856 |
4 |
0 |
|u http://misc.bibl.u-szeged.hu/65697/1/4955_nop.pdf
|z Dokumentum-elérés
|